000 01503nam0a22003251 4500
001 rc\2278219
005 20260407132453.0
035 _a(NLR Aleph) 006557955
090 _a6812384
_c6812384
100 _a20110829d1979 |||y0rusy50 ca
101 0 _arus
102 _aRU
105 _aa z |||||
200 1 _aОперационные системы и технология программирования
_e[Сб. статей]
_fАН УССР, Науч. совет по пробл. "Кибернетика", Ин-т кибернетики
_g[Отв. ред. А.И. Никитин, И.В. Вельбицкий]
210 _aКиев
_cИК
_d1979
215 _a94 с.
_cил.
_d20
320 _aБиблиогр. в конце статей
606 _aЦифровые вычислительные машины
_jСборники
_xМатематическое обеспечение
_2psbo
686 _aз973.2-018я43
_2rubbk
702 1 _aВельбицкий
_bИ.В.
_4340
702 1 _4340
_7ca
_8rus
_aНикитин
_bА. И.
_cд-р техн. наук, кибернетика
_f1927-2006
_gАндрей Иванович
_9200197
_3RU\NLR\AUTH\770200248
712 0 2 _aИнститут кибернетики им. В. М. Глушкова
_cКиев
_3RU\NLR\AUTH\889993570
_9483626
801 0 _aRU
_bNLR
_gpsbo
801 1 _aRU
_bELAR
_2rusmarc
852 _aNLR
_j80-4/15622
899 _aRuMoRGB
_jБ 80-11/498
899 _aRuMoRGB
_jБ 80-11/499
942 _cBOOK
980 _aNB